Catálogo
 En Linea

La reina de los mercados : (Registro nro. 34602)

Detalles MARC
000 -CABECERA
campo de control de longitud fija 00625nam a2200157 a 4500
001 - NÚMERO DE CONTROL
campo de control 000035111
005 - FECHA Y HORA DE LA ÚLTIMA TRANSACCIÓN
campo de control 20200930074119.0
008 - DATOS DE LONGITUD FIJA--INFORMACIÓN GENERAL
campo de control de longitud fija 111025s1909 sp 000 0 spa d
040 ## - FUENTE DE LA CATALOGACIÓN
Centro catalogador/agencia de origen DO-SdBNP
Lengua de catalogación spa
Centro/agencia transcriptor BNPHU
100 1# - ENTRADA PRINCIPAL--NOMBRE DE PERSONA
Nombre de persona Perrín, Guillermo
9 (RLIN) 60783
245 13 - MENCIÓN DE TÍTULO
Título La reina de los mercados :
Resto del título opereta en un acto, dividido en tres cuadros, en prosa /
Mención de responsabilidad, etc. Guillermo Perrín, Miguel de Palacios ; música Pablo Luna.
260 ## - PUBLICACIÓN, DISTRIBUCIÓN, ETC.
Lugar de publicación, distribución, etc. Madrid :
Nombre del editor, distribuidor, etc. R. Velasco imp. Marqués de Santa Ana,
Fecha de publicación, distribución, etc. 1909.
300 ## - DESCRIPCIÓN FÍSICA
Extensión 40 p. ;
Dimensiones 20 cm.
500 ## - NOTA GENERAL
Nota general Estrenada en Gran Teatro la noche del 3 de diciembre de 1909.
700 12 - PUNTO DE ACCESO ADICIONAL--NOMBRE DE PERSONA
Nombre de persona Luna, Pablo,
Término indicativo de función/relación mús.
9 (RLIN) 60762
Existencias
Estado de retiro Estado de pérdida Restricciones de uso No para préstamo Código de colección Localización permanente Ubicación/localización actual Ubicación en estantería Fecha de adquisición Número de inventario Total de préstamos Signatura topográfica completa Código de barras Fecha visto por última vez Precio válido a partir de Tipo de ítem Koha
      Excluido de préstamo Monografías: Libros y Folletos General General En catalogación 25.10.2011 LF1   35111-10 25.06.2020 25.06.2020 No se presta

Con tecnología Koha